000 00853nam1a22002771 4500
001 v19\rc\2003979
005 20251118181320.5
035 _a(NLR Aleph) 005079271
090 _a7179051
_c7179051
100 _a20080811d1915 u y0rusy50 ca
101 0 _arus
102 _aRU
105 _ay z |||||
200 1 _aОтчет по Лазарету...
_fЛазарет чинов землеустройства Юго-Зап. р-на
210 _aКиев
_d1915
215 _d22
710 0 2 _aЛазарет чинов землеустройства Юго-Западного района
_cКиев
801 0 _aRU
_bNLR
_gpsbo
801 0 _aRU
_bRuMoRGB
_2psbo
801 1 _aRU
_bProSoft-M
_2rusmarc
852 _aNLR
_j17.140.2.22
899 _aRuMoRGB
_jW 524/705
899 _aRuMoRGB
_jΔ 492/236
899 _aБАН
942 _cBOOK
980 _aNB